000 02207nam a22002537a 4500
003 Uzh_bibl
008 260501b |||||||| |||| 00| 0 ukr d
020 _a978-966-03-7919-0
_c110.00
040 _bукр.
041 _2ukr
_aukr
080 _a821(477)
090 _a821(477)
_bК 34
100 _aКоломійчук,Богдан
245 _aКороль болю
_cхудож.-оформ. В.М. Карасик
_hТекст
260 _aХарків
_bФоліо
_c2017
300 _a254 с.
_fВ опр.
520 _a«Король болю» - новий авантюрний роман Богдана Коломійчука. Дія твору відбувається в XVI столітті у Львові, Поморянах, Кракові та інших містах давньої Речі Посполитої. Тут знову з’являються герої, знайомі читачеві з першої книги автора «Людвисар. Ігри вельмож»: майстерний стрілець і фехтувальник Христоф, найманці Казимир та Орест, лікар Домінік Гепнер та інші. В 1572 році помирає король Речі Посполитої Сігізмунд ІІ, забираючи з собою безліч таємниць. Та одну він мусить передати в надійні руки, навіть якщо доведеться домовитися з самою Смертю про ще один день життя… Середньовіччя представлене в романі цікаво та захоплююче, а карколомні містичні та еротичні пригоди персонажів роблять цю книгу однією з найкращих в доробку Коломійчука.
521 _aДля широкого кола читачів
546 _aукр.
650 _aЛітературно - художнє видання
653 _aТаємниці
_aМістика
655 _aПроза
_vавантюр.роман
_yXVI ст.
_zЛьвів,Краків
942 _2udc
_cBK
999 _c17607
_d17607